La conquista del Estado / (Record no. 46822)

MARC details
000 -LEADER
campo de control de longitud fija 00687nam a2200193 i 4500
001 - NÚMERO DE CONTROL
campo de control 46822
003 - IDENTIFICADOR DE NÚMERO DE CONTROL
campo de control ES-MaACL
005 - FECHA Y HORA DE LA ÚLTIMA TRANSACCIÓN
campo de control 20250925162403.0
008 - DATOS DE LONGITUD FIJA--INFORMACIÓN GENERAL
campo de control de longitud fija 030401s1939 sp |||| | spa d
245 03 - MENCIÓN DEL TÍTULO
Título La conquista del Estado /
Mención de responsabilidad, etc. antología y prólogo de Juan Aparicio.
260 ## - PUBLICACIÓN, DISTRIBUCIÓN, ETC.
Lugar de publicación, distribución, etc. Barcelona :
Nombre del editor, distribuidor, etc. Fé,
Fecha de publicación, distribución, etc. 1939.
300 ## - DESCRIPCIÓN FÍSICA
Extensión XIII, 335 p. ;
Dimensiones 22 cm.
490 1# - MENCIÓN DE SERIE
Mención de serie Semanario de lucha y de información política ;
Designación de volumen o secuencia año I, n. 1
650 #7 - PUNTO DE ACCESO ADICIONAL DE MATERIA--TÉRMINO DE MATERIA
Término de materia o nombre geográfico como elemento de entrada Nacionalsindicalismo
Fuente del encabezamiento o término embne
9 (RLIN) 158045
700 1# - ENTRADA AGREGADA--NOMBRE PERSONAL
Nombre de persona Aparicio, Juan,
Fechas asociadas al nombre 1906-
9 (RLIN) 22051
830 0# - PUNTO DE ACCESO ADICIONAL DE SERIE-TÍTULO UNIFORME
Título uniforme Semanario de lucha y de información política ;
Designación de volumen o secuencia año I, n. 1
9 (RLIN) 229993
852 ## - LOCALIZACIÓN
Ubicación ES-MaACL
Número de control de estantería A-4785
Holdings
Estatus retirado Estado de pérdida Estado de daño No para préstamo Biblioteca de origen Biblioteca actual Ubicación en estantería Fecha de adquisición Fuente de adquisición Total de préstamos Signatura topográfica completa Código de barras Visto por última vez Precio de reemplazo Tipo de ítem Koha
        Biblioteca del Ateneo de Madrid Biblioteca del Ateneo de Madrid Sala Pecera Planta 1 17/01/2008     A-4785 1049245 23/02/2023 23/02/2023 Libro impreso